Interpreting Lacan /
Guardado en:
| Autores principales: | , |
|---|---|
| Formato: | Desconocido |
| Lenguaje: | English |
| Publicado: |
New Haven :
Yale University Press,
c1983.
|
| Materias: | |
| Etiquetas: |
Agregar Etiqueta
Sin Etiquetas, Sea el primero en etiquetar este registro!
|
MARC
| LEADER | 000000000a22000000004500 | ||
|---|---|---|---|
| 001 | 012480 | ||
| 020 | |a 0300030398 | ||
| 041 | 0 | |a eng | |
| 082 | 0 | 4 | |a 616.89 |b S653i |
| 100 | 1 | |a Smith, Joseph H., |d 1927- | |
| 100 | 1 | |a Kerrigan, William, |d 1943- | |
| 245 | 1 | 0 | |a Interpreting Lacan / |c Joseph H. Smith, William Kerrigan. |
| 260 | 1 | |a New Haven : |b Yale University Press, |c c1983. | |
| 300 | |a xxvii, 289 páginas : |b ilustraciones ; |c 22 cm. | ||
| 650 | 4 | |a LACAN, JACQUES, 1901-1981 | |
| 650 | 4 | |a PSICOANALISIS | |
| 500 | |a Colección George Yúdice | ||
| 999 | |c 18445 |d 18445 | ||
| 942 | |c BK |h 616.89 S653i |2 z | ||



